00650nam a2200181Ia 4500008004100000020001800041041000800059082001500067100004200082245010200124250001200226260004300238300000900281365000700290650001800297952013600315999001700451251210s2025 xx 000 0 und d a9789395454841 aeng a610.73 SRI aPrasanthi, Pusarla and Geethavani, G. aElective modules for B.Sc nursing semester 3rd and 4th Human values, Diabetes care and soft skill a1st ed. aVijayawadabVijayam Publicationsc2025 a374p cRS aGeneral books 00104070aCNbCNcRCS4d2025-11-22eVikas publishers and Distributrorsg695.00l0o610.73 SRIpCN6345r2025-12-10w2025-12-10yCR c64638d64638